Contribución para restablecer la democracia en Guatemala

Gespeichert in:
Bibliographische Detailangaben
1. Verfasser: Villamar Contreras, Marco Antonio
Format: Text
Veröffentlicht: Guatemala: s.e.
Tags: Tag hinzufügen
Keine Tags, Fügen Sie den ersten Tag hinzu!

MARC

LEADER 00000 a a2200000 04500
001 21642
003
040
090 |a 096400  
100 |a Villamar Contreras, Marco Antonio  
245 |a Contribución para restablecer la democracia en Guatemala  
260 |a Guatemala:   |b s.e.  
300 |a 83 p.  
999 |c 13836  |d 13836